Jordanië Trivia Quiz - Statistieken

Algemene statistieken
  • Deze quiz is 390 keer genomen
  • De gemiddelde score is 12 van 19
Antwoordstatistieken
Hint Antwoord % Correct
Aangrenzende landen Israël
95%
Officiële taal Arabisch
92%
Aangrenzende landen Syrië
92%
Aangrenzende landen Irak
90%
Aangrenzende landen Saoedi-Arabië
90%
Hoofdstad Amman
83%
Zee die aan Jordanië grenst via de Golf van Akaba Rode zee
81%
Oude stad die de populairste toeristische attractie van Jordanië is Petra
78%
Binnenzee waarvan de kust het laagste punt ter wereld is op land Dode zee
73%
Jordanië is vernoemt naar een ___ Rivier
70%
Kikkererwtendip vaak geserveerd met pitabroodje Hummus
63%
Jordanië was van 1921–1946 een "protectoraat" van dit land Verenigd Koninkrijk
63%
Filmmakers bezoeken Wadi Rum soms, omdat het lijkt op het oppervlak van ... Mars
60%
Valuta Dinar
47%
Regio, beginnend met L, waar Jordanië deel van uitmaakt De Levant
44%
Voormalige naam van de regio {Trans}jordanië
38%
Huidige koning Abdoellah II
31%
Voormalige koning, 1952–1999 Hussein
28%
Officiële naam van Jordanië {Hasjemitisch} Koninkrijk Jordanië
14%
Geen overeenkomende quizzen gevonden
Scoreverdeling
Procent van Mensen met Elke Score
Percentiel versus Aantal Correcte Antwoorden
Uw Scoregeschiedenis
U heeft deze quiz nog niet genomen